Score 0/26 Timer 04:00
0 Plays Today
Scrambled Word Answer % Correct
YFEFEY
96.5%
RUYJJURY
94.3%
LYLGUGULLY
87.8%
TEMPYEMPTY
87.7%
BAYMEMAYBE
87.1%
LYUGUGLY
85.1%
NIVYLVINYL
84.6%
NYZAZANY
83.8%
PETYTYPE
81.8%
PLYERREPLY
73.5%
LONNYNYLON
69.5%
LYSTUSSTYLUS
68.4%
ONLPYPYLON
65.3%
Scrambled Word Answer % Correct
RELYCECELERY
63.3%
DAYECDECAY
63.2%
ANYHEHYENA
62.8%
REWYTAWATERY
61.2%
PYNOXOLEHXYLOPHONE
61.1%
STROYEOYSTER
60.4%
NAMCYROACRONYM
58.2%
YOBUABAYOU
56.8%
FIQUYLAQUALIFY
53.6%
LINYAINLAY
50.8%
SYCILRLYRICS
50.6%
DARYESETYYESTERDAY
49.4%
PEDAKYKEYPAD
26.8%
Remove Ads.
Support Sporcle.
Get the best of Sporcle when you Go Orange. This ad-free experience offers more features, more stats, and more fun while also helping to support Sporcle. Thank you for becoming a member.

You're not logged in!

Compare scores with friends on all Sporcle quizzes.
OR
Log In

Show Comments

Extras

Top Quizzes Today


Score Distribution

Your Account Isn't Verified!

In order to create a playlist on Sporcle, you need to verify the email address you used during registration. Go to your Sporcle Settings to finish the process.

Report this User

Report this user for behavior that violates our Community Guidelines.

Details: